00711nam a2200229Ia 450000500170000000800410001702000140005804000190007204100120009108200140010310000240011724501200014125000120026126000420027330000170031544000250033250400500035765000230040765100230043070000180045385000100047120230822115000.0131103s9999 xx 000 0 und d a192829343 aLoreto College aEnglish a200b FRA aFrazer,James George 4aThe Golden Boughb a study in magic and religion cJames George Frazer;edited with an introduction by Robert Fraser a3rd ed. aLondonbOxford University Pressc1994 axIix,858 p.  aThe World's Classics aIncludes bibliographical references and index aReligion and Magic aMagic and Religion aFraser,Robert aLCLIB